|
|
|
|
| LEADER |
00000nbm0a2200000 4500 |
| 001 |
179392 |
| 005 |
20231031170317.0 |
| 035 |
|
|
|a (RuTPU)RU\TPU\book\194467
|
| 090 |
|
|
|a 179392
|
| 100 |
|
|
|a 20100420d1967 m y0rusy50 ca
|
| 101 |
0 |
|
|a rus
|
| 102 |
|
|
|a RU
|
| 105 |
|
|
|a a z 001zy
|
| 200 |
1 |
|
|a Бакчарское железорудное месторождение (Влияние структурно-фациальных условий накопления рудоносных горизонтов на локализацию и качество руд. Основные черты распределения компонентов состава в отложениях рудоносных горизонтов и в рудах)
|f А. А. Кондаков
|g Томский политехнический институт (ТПИ)
|
| 210 |
|
|
|a Томск
|d 1967
|
| 215 |
|
|
|a 112 с.
|c ил.
|
| 300 |
|
|
|a (Прикладная часть диссертации: "Фациально-геохимические особенности и механизм оолитообразования осадочных железных руд Бахчарского месторождения")
|
| 320 |
|
|
|a Библиогр.: с. 102-112.
|
| 610 |
1 |
|
|a рукописные работы
|
| 610 |
1 |
|
|a Бакчарское месторождение
|
| 610 |
1 |
|
|a железорудные месторождения
|
| 610 |
1 |
|
|a отложения
|
| 610 |
1 |
|
|a состав
|
| 610 |
1 |
|
|a рудоносные зоны
|
| 610 |
1 |
|
|a структурно-функциональные условия
|
| 610 |
1 |
|
|a накопление
|
| 675 |
|
|
|a 553.31
|v 3
|
| 700 |
|
1 |
|a Кондаков
|b А. А.
|
| 712 |
0 |
2 |
|a Томский политехнический институт (ТПИ)
|c (1944-1991)
|2 stltpush
|3 (RuTPU)RU\TPU\col\1123
|
| 801 |
|
1 |
|a RU
|b 63413507
|c 20100420
|
| 801 |
|
2 |
|a RU
|b 63413507
|c 20100420
|g RCR
|
| 942 |
|
|
|c BK
|